[Event "GER CM02-B email"]
[Site "GER email"]
[Date "2015.06.25"]
[Round "?"]
[White "Baer, Lutz"]
[Black "Kappes, Dieter"]
[Result "1/2-1/2"]
[WhiteElo "2308"]
[BlackElo "2311"]
[PlyCount "87"]
[EventDate "2015.??.??"]
[EventType "tourn (corr)"]
[EventRounds "11"]
[EventCountry "GER"]
[SourceTitle "Corr 2017"]
[Source "ChessBase"]
[SourceDate "2017.09.19"]
[SourceVersion "1"]
[SourceVersionDate "2017.09.19"]
[SourceQuality "1"]

1. d4 Nf6 2. c4 g6 3. Nc3 d5 4. cxd5 Nxd5 5. e4 Nxc3 6. bxc3 Bg7 7. Bc4 c5 8. Ne2 Nc6 9. Be3 0-0 10. 0-0 Bg4 11. f3 Bd7 12. Rb1 Qc7 13. Bf4 Qc8 14. Bb3 Na5 15. Qd2 Nxb3 16. axb3 a5 17. Be3 cxd4 18. cxd4 Qb8 19. h4 Rc8 20. h5 Qd6 21. Rfd1 gxh5 22. Nf4 h4 23. Nd5 Be6 24. Bf4 Qd8 25. Ne3 Bd7 26. Qf2 h3 27. gxh3 Ra6 28. Kh1 Kh8 29. Qh4 Qf8 30. Nd5 Bh6 31. Rg1 Bxf4 32. Nxf4 Qh6 33. Qxh6 Rxh6 34. Kg2 Rd6 35. Rgd1 Kg7 36. h4 Kf8 37. d5 Rc2+ 38. Kg3 Rb6 39. Ra1 Rb5 40. Rd3 Ke8 41. Ng2 Rb2 42. Ra3 b6 43. Ne3 Rb1 44. Rc3 1/2-1/2

[Event "GER CM02-B email"]
[Site "GER email"]
[Date "2015.06.25"]
[Round "?"]
[White "Kappes, Dieter"]
[Black "Stefanov, Plamen"]
[Result "1/2-1/2"]
[WhiteElo "2311"]
[BlackElo "2270"]
[PlyCount "45"]
[EventDate "2015.??.??"]
[EventType "tourn (corr)"]
[EventRounds "11"]
[EventCountry "GER"]
[SourceTitle "Corr 2017"]
[Source "ChessBase"]
[SourceDate "2017.09.19"]
[SourceVersion "1"]
[SourceVersionDate "2017.09.19"]
[SourceQuality "1"]

1. e4 c5 2. Nf3 Nc6 3. d4 cxd4 4. Nxd4 e5 5. Nb5 a6 6. Nd6+ Bxd6 7. Qxd6 Qf6 8. Qxf6 Nxf6 9. Nc3 Nb4 10. Kd2 d6 11. a3 Nc6 12. Ke1 Be6 13. Be3 Ne7 14. f3 Rc8 15. Bd3 d5 16. exd5 Nfxd5 17. Nxd5 Nxd5 18. Bd2 0-0 19. Kf2 Rfd8 20. Rhe1 Nf4 21. Bxf4 exf4 22. Re5 Bc4 23. Bxc4 1/2-1/2

[Event "GER-ch47 sf05 email"]
[Site "GER email"]
[Date "2015.04.11"]
[Round "?"]
[White "Augustin, Horst"]
[Black "Kappes, Dieter"]
[Result "0-1"]
[WhiteElo "2131"]
[BlackElo "2107"]
[PlyCount "84"]
[EventDate "2015.??.??"]
[EventType "tourn (corr)"]
[EventRounds "8"]
[EventCountry "GER"]
[SourceTitle "Corr 2020"]
[Source "ChessBase"]
[SourceDate "2019.09.30"]
[SourceVersion "1"]
[SourceVersionDate "2019.09.30"]
[SourceQuality "1"]

1. Nc3 d5 2. e4 Nf6 3. e5 Nfd7 4. Nxd5 Nxe5 5. Ne3 Nbc6 6. b3 Ng6 7. Bb2 e5 8. Bd3 Bd6 9. g3 0-0 10. Qh5 Nb4 11. Bc4 Qe8 12. Nf3 b5 13. Bf1 f5 14. a4 c6 15. Ba3 a5 16. axb5 cxb5 17. c3 f4 18. gxf4 Bb7 19. cxb4 exf4 20. Bxb5 Bxf3 21. Qxf3 Qxb5 22. Qd5+ Qxd5 23. Nxd5 axb4 24. Bb2 Rxa1+ 25. Bxa1 Rb8 26. Rg1 Kf7 27. Rg5 Ra8 28. Bd4 Ra5 29. Bb6 Ra3 30. Kd1 h6 31. Rh5 Rxb3 32. Ba5 Kg8 33. Kc2 Rf3 34. Bxb4 Bxb4 35. Nxb4 Rxf2 36. Kd3 Ne7 37. Nc2 Kh7 38. h4 Kg6 39. Ra5 Nf5 40. h5+ Kf6 41. Ra7 Rh2 42. Ke4 Rxd2 0-1

[Event "GER-ch47 sf05 email"]
[Site "GER email"]
[Date "2015.04.11"]
[Round "?"]
[White "Weber, Karlheinz"]
[Black "Kappes, Dieter"]
[Result "1/2-1/2"]
[WhiteElo "2092"]
[BlackElo "2107"]
[PlyCount "39"]
[EventDate "2015.??.??"]
[EventType "tourn (corr)"]
[EventRounds "8"]
[EventCountry "GER"]
[SourceTitle "Corr 2020"]
[Source "ChessBase"]
[SourceDate "2019.09.30"]
[SourceVersion "1"]
[SourceVersionDate "2019.09.30"]
[SourceQuality "1"]

1. d4 Nf6 2. c4 g6 3. Nc3 d5 4. Nf3 Bg7 5. Bg5 Ne4 6. cxd5 Nxg5 7. Nxg5 e6 8. Qd2 h6 9. Nh3 exd5 10. Nf4 0-0 11. e3 c5 12. dxc5 d4 13. exd4 Qxd4 14. Qxd4 Bxd4 15. 0-0-0 Nc6 16. Ne4 Bf5 17. Nd6 Bxf2 18. Nxf5 gxf5 19. g3 Bxc5 20. Bh3 1/2-1/2

[Event "GER CM01-B email"]
[Site "GER email"]
[Date "2014.09.25"]
[Round "?"]
[White "Koentges, Markus"]
[Black "Kappes, Dieter"]
[Result "1/2-1/2"]
[WhiteElo "2338"]
[BlackElo "2337"]
[PlyCount "55"]
[EventDate "2014.??.??"]
[EventType "tourn (corr)"]
[EventRounds "12"]
[EventCountry "GER"]
[SourceTitle "Corr 2017"]
[Source "ChessBase"]
[SourceDate "2017.09.19"]
[SourceVersion "1"]
[SourceVersionDate "2017.09.19"]
[SourceQuality "1"]

1. e4 c5 2. Nf3 d6 3. d4 cxd4 4. Nxd4 Nf6 5. Nc3 a6 6. Be3 e5 7. Nb3 Be6 8. Be2 Be7 9. Qd3 0-0 10. 0-0 Nbd7 11. Nd5 Bxd5 12. exd5 Nc5 13. Nxc5 dxc5 14. Bf3 Bd6 15. Bg5 h6 16. Bh4 b5 17. b3 Re8 18. Rae1 b4 19. Re3 a5 20. Rfe1 a4 21. h3 axb3 22. axb3 g6 23. g4 Kg7 24. Qc4 Qc7 25. Bg3 Nd7 26. Be4 Nb6 27. Qe2 c4 28. Kg2 1/2-1/2

[Event "GER CM01-B email"]
[Site "GER email"]
[Date "2014.09.25"]
[Round "?"]
[White "Lucki, Stanislaw"]
[Black "Kappes, Dieter"]
[Result "1/2-1/2"]
[WhiteElo "2327"]
[BlackElo "2337"]
[PlyCount "47"]
[EventDate "2014.??.??"]
[EventType "tourn (corr)"]
[EventRounds "12"]
[EventCountry "GER"]
[SourceTitle "Corr 2017"]
[Source "ChessBase"]
[SourceDate "2017.09.19"]
[SourceVersion "1"]
[SourceVersionDate "2017.09.19"]
[SourceQuality "1"]

1. e4 c5 2. Nf3 d6 3. d4 cxd4 4. Nxd4 Nf6 5. Nc3 a6 6. Bg5 e6 7. f4 Qb6 8. Qd2 Qxb2 9. Rb1 Qa3 10. e5 h6 11. Bh4 dxe5 12. fxe5 g5 13. exf6 gxh4 14. Be2 Qa5 15. 0-0 Nd7 16. Kh1 Qg5 17. Rf4 e5 18. Nd5 exd4 19. Bf3 Bc5 20. Qa5 b6 21. Rxb6 0-0 22. Rg4 Qxg4 23. Bxg4 Nxb6 24. Qxc5 1/2-1/2